All Super Smash Bros. Characters - Statistics

General Stats
  • This quiz has been taken 20 times
    7 since last reset
  • The average score is 58 of 86
Answer Stats
Original Series Character % Correct
Super Mario Bros. Bowser
86%
Donkey Kong Diddy Kong
86%
Donkey Kong Donkey Kong
86%
Ice Climbers Ice Climbers
86%
Kirby Kirby
86%
The Legend of Zelda Link
86%
Super Mario Bros. Luigi
86%
Super Mario Bros. Mario
86%
Mega Man Mega Man
86%
Pac-Man Pac-Man
86%
Pokemon Pikachu
86%
Kid Icarus Pit
86%
Super Mario Bros. Princess Daisy
86%
Super Mario Bros. Princess Peach
86%
Super Mario Bros. Rosalina & Luma
86%
Metroid Samus
86%
Sonic Sonic
86%
Animal Crossing Villager
86%
Warioware Wario
86%
Yoshi Yoshi
86%
The Legend of Zelda Zelda
86%
Bayonetta Bayonetta
71%
Super Mario Bros. Bowser Jr.
71%
Kid Icarus Dark Pit
71%
Metroid Dark Samus
71%
Duck Hunt Duck Hunt
71%
Star Fox Fox
71%
Pokemon Incineroar
71%
Splatoon Inkling
71%
Animal Crossing Isabelle
71%
Pokemon Jigglypuff
71%
Street Fighter Ken
71%
Punch Out!! Little Mac
71%
Pokemon Lucario
71%
Kirby Meta Knight
71%
Game & Watch Mr. Game & Watch
71%
Pikmin Olimar
71%
Xenoblade Chronicles Pyra & Mythra
71%
Fire Emblem Roy
71%
Street Fighter Ryu
71%
Xenoblade Chronicles Shulk
71%
Castlevania Simon
71%
Minecraft Steve
71%
Wii Fit Wii Fit Trainer
71%
Star Fox Wolf
71%
Banjo & Kazooie Banjo & Kazooie
57%
Fire Emblem Byleth
57%
F-Zero Captain Falcon
57%
Final Fantasy Cloud
57%
Fire Emblem Corrin
57%
Super Mario Bros. Dr. Mario
57%
Star Fox Falco
57%
The Legend of Zelda Ganondorf
57%
Pokemon Greninja
57%
Dragon Quest Hero
57%
Fire Emblem Ike
57%
Persona Joker
57%
Tekken Kazuya
57%
Kirby King Dedede
57%
Donkey Kong King K. Rool
57%
Earthbound Lucas
57%
Fire Emblem Lucina
57%
Fire Emblem Marth
57%
Pokemon Mewtwo
57%
Mii Mii Brawler
57%
Mii Mii Gunner
57%
Mii Mii Swordfighter
57%
ARMS Min-Min
57%
Earthbound Ness
57%
Kid Icarus Palutena
57%
Pokemon Pichu
57%
Super Mario Bros. Piranha Plant
57%
Pokemon Pokemon Trainer
57%
Castlevania Richter
57%
Metroid Ridley
57%
Gyromite R.O.B.
57%
Fire Emblem Robin
57%
Final Fantasy Sephiroth
57%
The Legend of Zelda Sheik
57%
Metal Gear Snake
57%
Kingdom Hearts Sora
57%
Fatal Fury Terry Bogard
57%
The Legend of Zelda Toon Link
57%
The Legend of Zelda Young Link
57%
Metroid Zero Suit Samus
57%
Fire Emblem Chrom
43%
No matching quizzes found
Score Distribution
Percent of People with Each Score
Percentile by Number Answered
Your Score History
You have not taken this quiz since the last reset